| 000 | 01143nam a22003137a 4500 | ||
|---|---|---|---|
| 001 | 361 | ||
| 003 | FISKH | ||
| 005 | 20230329105810.0 | ||
| 008 | 230329b cb ||||| |||| 00| 0 eng d | ||
| 020 | _a9781405281843 | ||
| 040 |
_aDLC _cDLC _dDLC _dFISKH _beng |
||
| 042 | _alcac | ||
| 050 | 0 | 0 |
_aPZ7.T5973 _bOw 2000 |
| 082 | 0 | 0 |
_a823.914 _221 |
| 100 | 1 | _aTomlinson, Jill. | |
| 245 | 1 | 4 |
_aThe owl who was afraid of the dark / _cJill Tomlinson ; illustrated by Paul Howard. |
| 260 |
_aLondon _bClassics. _c2016, |
||
| 300 |
_a102 pages. : _bcol. ill. ; _c24 cm. |
||
| 505 | _aK | ||
| 520 | _aOwls are supposed to be night birds, but young Plop is afraid of the dark, despite how much other people and animals tell him they enjoy it. | ||
| 521 | 8 |
_a550
_bLexile |
|
| 521 | 8 |
_aK
_bRaz-Plus |
|
| 650 | 1 |
_aOwls _vFiction. |
|
| 650 | 1 |
_aFear of the dark _vFiction. |
|
| 700 | 1 |
_aHoward, Paul, _d1967- _eill. |
|
| 906 |
_a7 _bcbc _corignew _d1 _eocip _f20 _gy-gencatlg |
||
| 942 |
_2ddc _cBK _n0 |
||
| 999 |
_c361 _d361 |
||